00661nam a22002057a 4500008004100000010001400041020002600055035001300081037001500094040001800109082001400127100002700141245005200168260003900220270007900259300002900338500005000367600003500417700000300452081212t xxu||||| |||| 00| 0beng d aENG-99466 c395.00a9788132100782 aEN-82998 bDBAD / PUB adplbEnglish  a150.15195 aChadha, Narender Kumar aApplied psychometry /cby Narender Kumar Chadha aNew DelhibSage Publicationsc2009 aB 1/I-1 Mohan Cooperative Industrial Area Mathura Road,bNew Delhie110044 axiii, 362p.c25cm (pbk)  aIncludes bibliographical references and index aBaba Visakha SinghxBiography.